| 000 | 01159nmc a2200397 a 4500 | ||
|---|---|---|---|
| 003 | AR-BaBNM | ||
| 005 | 20251128205419.0 | ||
| 008 | 107119s1988 ||||||||||||||000 | spa|| | ||
| 020 | _a84-309-1590-7 | ||
| 040 | _cAR-BaBNM | ||
| 245 | 1 | 0 |
_a¿Qué empleo para los jóvenes? _bhacia estrategias innovadoras |
| 260 |
_aBuenos Aires _bTecnos _bUnesco _c1988 |
||
| 300 | 0 |
_a218 p. _btablas |
|
| 490 | 0 | _aSemilla y surco. Sociología | |
| 500 | 1 | _aUNESCO: ORGANIZACION DE LAS NACIONES UNIDAS PARA LA EDUCACION, LA CIENCIA Y LA CULTURA | |
| 504 | _aBibliografía: p. 217-218 | ||
| 650 | 4 | _aDESEMPLEO | |
| 650 | 4 | _aCRECIMIENTO DEMOGRAFICO | |
| 650 | 4 | _aEMPLEO DE LOS JOVENES | |
| 650 | 4 | _aPOLITICA SOCIAL | |
| 650 | 4 | _aJUVENTUD | |
| 650 | 4 | _aPAISES EN DESARROLLO | |
| 651 | 4 | _aAsia | |
| 651 | 4 | _aAmérica Latina | |
| 651 | 4 | _aAfrica | |
| 651 | 4 | _aOriente | |
| 700 | 1 | _aTouraine, Alain | |
| 700 | 1 | _aHartman, Jürgen | |
| 700 | 1 | _aHakiki-Talahite, Fatiha | |
| 700 | 1 | _aThank-Khôi, Lê | |
| 700 | 1 | _aLy, Boubakar | |
| 700 | 1 | _aBraslavsky, Cecilia | |
| 800 | 1 |
_aMurillo Ferrol, Francisco _edirector |
|
| 942 | _cBK | ||
| 998 | _cSILVI | ||
| 999 |
_c11345 _d11345 |
||